[Event "Uxbridge Fischer"]
[Site "Uxbridge"]
[Date "2010.02.17"]
[Round "8"]
[White "Millward, Kevin P"]
[Black "Lewis, Andrew M"]
[Result "1/2-1/2"]
[WhiteElo "1970"]
[BlackElo "2066"]
[PlyCount "159"]
[EventDate "2010.02.13"]
[EventType "tourn"]
[EventRounds "9"]
[EventCountry "ENG"]
[SourceTitle "CBM 135 Extra"]
[Source "ChessBase"]
[SourceDate "2010.05.04"]
[SourceVersion "1"]
[SourceVersionDate "2010.05.04"]
[SourceQuality "1"]

1. e4 Nc6 2. Nc3 e6 3. g3 d5 4. Bg2 d4 5. Nce2 e5 6. d3 g6 7. f4 f6 8. Nf3 Bg7 9. 0-0 h6 10. c3 Bg4 11. Qb3 dxc3 12. bxc3 b6 13. d4 Na5 14. Qc2 Qd7 15. dxe5 fxe5 16. Rd1 Qe6 17. Ba3 Nc4 18. Qa4+ c6 19. Rd6 Nxd6 20. Qxc6+ Kf7 21. Qxa8 Ne7 22. Qxa7 Nxe4 23. Qxe7+ Qxe7 24. Bxe7 Kxe7 25. Nh4 Bxe2 26. Nxg6+ Kf6 27. Bxe4 Rc8 28. fxe5+ Kf7 29. Re1 Bc4 30. a3 Rc5 31. Bf5 Be6 32. Bxe6+ Kxg6 33. c4 Rxe5 34. Rxe5 Bxe5 35. Kf2 Kf6 36. Bd7 Bd6 37. a4 Ke5 38. Kf3 Bc7 39. Kg4 Kf6 40. Kh5 Kg7 41. Bc6 Bd6 42. Kg4 Kf6 43. h3 Bc7 44. Be4 Bd6 45. Kf3 Bc7 46. Bd5 Ke5 47. Kg4 Kf6 48. h4 Bd6 49. Kf3 Ke5 50. g4 Be7 51. Kg3 Bd8 52. Bc6 Be7 53. Bd7 Bd8 54. g5 hxg5 55. h5 Kf6 56. Kg4 Be7 57. Bf5 Bf8 58. Bg6 Be7 59. Be8 Bf8 60. Kf3 Ke5 61. Bd7 Kd6 62. Bc8 Ke5 63. Ke3 Bc5+ 64. Kf3 Bf8 65. Kg4 Kf6 66. Bf5 Be7 67. h6 Bd8 68. h7 Kg7 69. Kf3 Be7 70. Ke4 Bc5 71. Kd5 Be3 72. Ke4 Bc5 73. Ke5 Bf2 74. Bd3 Bc5 75. Be4 Be3 76. Kd5 Bf2 77. Ke6 Bd4 78. Kf5 Be3 79. Ke5 Bc5 80. Kd5 1/2-1/2

[Event "Uxbridge Fischer"]
[Site "Uxbridge"]
[Date "2010.02.15"]
[Round "4"]
[White "Lewis, Andrew M"]
[Black "Jaunooby, Ali Reza"]
[Result "1/2-1/2"]
[WhiteElo "2066"]
[BlackElo "2171"]
[PlyCount "123"]
[EventDate "2010.02.13"]
[EventType "tourn"]
[EventRounds "9"]
[EventCountry "ENG"]
[SourceTitle "CBM 135 Extra"]
[Source "ChessBase"]
[SourceDate "2010.05.04"]
[SourceVersion "1"]
[SourceVersionDate "2010.05.04"]
[SourceQuality "1"]

1. d4 g6 2. e4 Bg7 3. Nc3 d6 4. Be3 f5 5. f3 Nf6 6. e5 Nfd7 7. f4 c5 8. e6 Nf6 9. d5 Ng4 10. Bb5+ Kf8 11. Qd2 Qa5 12. Be2 Nxe3 13. Qxe3 Na6 14. Bxa6 bxa6 15. Nge2 Rb8 16. Rb1 Rb4 17. Qd2 Rd4 18. Nxd4 cxd4 19. b4 Qa3 20. Rb3 dxc3 21. Rxa3 cxd2+ 22. Kxd2 Bh6 23. g3 g5 24. fxg5 Bxg5+ 25. Ke2 Kg7 26. Rf3 Kg6 27. Rhf1 a5 28. b5 a6 29. a4 Bb7 30. c4 axb5 31. axb5 Bf6 32. Kd3 a4 33. Rxf5 Bb2 34. Rf8 a3 35. Kc2 Rxf8 36. Rxf8 Bg7 37. Rg8 a2 38. Rxg7+ Kxg7 39. Kb2 Kf6 40. Kxa2 Ke5 41. Kb3 Kd4 42. g4 Ke4 43. Kc3 Bc8 44. b6 Bb7 45. h4 Ba8 46. g5 Kf5 47. Kd4 Bb7 48. h5 Kxg5 49. c5 dxc5+ 50. Ke5 c4 51. d6 exd6+ 52. Kxd6 c3 53. e7 c2 54. e8Q c1Q 55. Qe7+ Kxh5 56. Qxb7 Qf4+ 57. Kc6 Qe4+ 58. Kc7 Qe5+ 59. Kc8 Qe8+ 60. Kc7 Qe5+ 61. Kd8 Qd6+ 62. Kc8 1/2-1/2

[Event "Uxbridge Fischer"]
[Site "Uxbridge"]
[Date "2010.02.15"]
[Round "5"]
[White "McIntyre, Paul"]
[Black "Lewis, Andrew M"]
[Result "1-0"]
[WhiteElo "2100"]
[BlackElo "2066"]
[PlyCount "47"]
[EventDate "2010.02.13"]
[EventType "tourn"]
[EventRounds "9"]
[EventCountry "ENG"]
[SourceTitle "CBM 135 Extra"]
[Source "ChessBase"]
[SourceDate "2010.05.04"]
[SourceVersion "1"]
[SourceVersionDate "2010.05.04"]
[SourceQuality "1"]

1. e4 c5 2. Nf3 d6 3. c3 Nf6 4. Be2 Nc6 5. d4 cxd4 6. cxd4 Nxe4 7. d5 Qa5+ 8. Nc3 Nxc3 9. bxc3 Ne5 10. Nxe5 Qxc3+ 11. Bd2 Qxe5 12. 0-0 Bd7 13. Be3 e6 14. Bf3 exd5 15. Re1 Be7 16. Bxd5 Bc6 17. Bxc6+ bxc6 18. Bxa7 Qf6 19. Bd4 Qg5 20. Bxg7 Rg8 21. Qxd6 f5 22. Qxc6+ Kf7 23. Bh6 Qh4 24. Qe6+ 1-0

[Event "Uxbridge Fischer"]
[Site "Uxbridge"]
[Date "2010.02.14"]
[Round "3"]
[White "Bailey, Kevin J"]
[Black "Lewis, Andrew M"]
[Result "1/2-1/2"]
[WhiteElo "2103"]
[BlackElo "2066"]
[PlyCount "28"]
[EventDate "2010.02.13"]
[EventType "tourn"]
[EventRounds "9"]
[EventCountry "ENG"]
[SourceTitle "CBM 135 Extra"]
[Source "ChessBase"]
[SourceDate "2010.05.04"]
[SourceVersion "1"]
[SourceVersionDate "2010.05.04"]
[SourceQuality "1"]

1. c4 Nf6 2. Nc3 e5 3. Nf3 Nc6 4. g3 d5 5. cxd5 Nxd5 6. Bg2 Nb6 7. 0-0 Be7 8. a3 Be6 9. b4 a6 10. d3 0-0 11. Rb1 f6 12. Ne4 Rb8 13. Bb2 Qd7 14. Re1 Rfd8 1/2-1/2